000 00678 a2200169 4500
003 NUST
005 20230120190135.0
040 _cNust
082 _a750,PAI
100 _aFrederick Smith
_9107309
245 _aPainting and decorating (VOl-2) /
_cedited by Charles H. Eaton
260 _aLondon
_bSir issac and pitman and sons
_c1945
300 _a296 p,;
505 _aVol-2: Marbles, or Imitative Painting of Marbles (Page-303), Colour (PAge-373), Cellulose Paints and Varnishes (Page-411), Heraldry (Page-459). Surface Treatment (Page-795), Architectural Detail and Historic Ornament (Page-931).
650 _aPainting and democrating
_9107310
942 _2ddc
_cBK
_k750,PAI
999 _c185231
_d185231